000 004040000a22001210004500
090 _aAR
_b04195
245 1 0 _aMore on Podolasia Harold
_sa new species and notes on another (Coleptera: Scarabaeidae: Melolonthinae)
041 0 _aInglés
500 _a<Literatura de escarabajos coprófagos>
100 1 _aHowden, Henry F.
_998069
942 _cARTICULO
773 1 _tColepterists Bulletin
_h3
_q275-277
_d1998
_g52
999 _c13292
_d13292